000 00401pab a2200157 454500
008 180718b2015 xxu||||| |||| 00| 0 eng d
100 _aKerrissey, Jasmine
245 _aCollective labor rights and income inequality
260 _c2015
300 _ap.626-653.
362 _aJun
650 _aIncome distribution
650 _aLabour
773 _aAmerican Sociological Review
909 _a108922
999 _c108917
_d108917